Red Star Vs Partizan - Statistics

General Stats
  • This quiz has been taken 6 times
  • The average score is 5 of 22
Answer Stats
Hint Answer % Correct
DF(1961-70 Ljubomir Mihajlović
67%
GK(1982-91 Stevan Stojanović
67%
MF(2016~ Aleksandar Katai
50%
FW(1963~75 Dragan Džajić
50%
DF(1974-84 Nenad Stojković
50%
DF(1988-92 Ilija Najdoski
33%
DF(1989-92 Miodrag Belodedici
33%
DF(1987-91 Refik Šabanadžović
33%
MF(1996~2015 Saša Ilić
33%
FW(1951-66 Bora Kostić
17%
DF(2017-25 Milan Rodić
17%
GK(1955-66 Milutin Šoškić
17%
MF(1946-55 Zlatko Čajkovski
17%
FW1992~99 1989–1992
0%
DF(1965-75 Blagoje Paunović
0%
MF(1978-99 Boško Gjurovski
0%
MF(1965-76 Jovan Aćimović
0%
FW(1947-59 Marko Valok
0%
DF(1962-71 Milan Damjanović
0%
MF(1968-84 Momčilo Vukotić
0%
FW(1962-69 Mustafa Hasanagić
0%
FW(1945 Stjepan Bobek
0%
No matching quizzes found
Score Distribution
Percent of People with Each Score
Percentile by Number Answered
Your Score History
You have not taken this quiz